L'impossibile "perché" : da Giobbe al Processo /

Сохранить в:
Библиографические подробности
Главный автор: Papi, Fulvio
Формат:
Язык:неизвестный язык
Опубликовано: Ibis
Метки: Добавить метку
Нет меток, Требуется 1-ая метка записи!

MARC

LEADER 00000nam a2200000Ia 4500
001 R-822
003 CODICE-MESSINA
005 20260212102458.0
008 260211s9999 xx 000 0 und d
040 |c importazione_messina 
100 |a Papi, Fulvio 
245 0 |a L'impossibile "perché" :  |b da Giobbe al Processo /  |c Fulvio Papi 
260 |b Ibis 
942 |2 ddc  |c BK 
952 |0 0  |1 0  |2 ddc  |4 0  |6 SCAFFALE_7_000000000000000__ROMANZI  |7 0  |9 31649  |a ME  |b ME  |d 2026-02-11  |l 0  |o SCAFFALE 7 - ROMANZI  |p R-822  |r 2026-02-11 23:52:41  |w 2026-02-11  |x [REVISIONARE]  |y BK 
999 |c 27314  |d 27314